00813nam a2200193 i 4500003000900000005001700009007000300026008004100029040003000070082001300100245012200113264008900235300004400324336002700368337003300395338002800428500010800456610005500564DO-SdBNP20250414130118.0ta240501s1987 dr 000 0 spa d aDO-SdBNPbspacBNPHUerda bA77222214aLa arquitectura vernácula en la Catedral Metropolitana de Santo Domingo/cEdición al cuidado de José Chez Checo 1aSanto Domingo :bOficina de la Obra y Museos de la Catedral de Santo Domingo,c1987. a35 páginas :bilustraciones ;c29 cm. 2rdacontentatextobtxt 2rdamediaasin mediaciónbn 2rdacarrieravolumenbnc aLa catedral de Santo Domingo, Basilica Metropolitana Primada de América eje cultural del V Centenario20aCatedral de Santo Domingo (República Dominicana)